=LDR 00000nam 2200000 4500 =001 INLIS000000000006215 =005 20210125095447 =035 ##$$a 0010-061300000006215 =008 210125################g##########0#ind## =041 ##$$a Ind =082 ##$$a 2x3.131 =090 ##$$a 2x3.131, Mah k =100 ##$$a Mahali, A. Mujab =245 1#$$a Kajian tentang keimanan dan keislaman menurut Al-Qur'an dan hadits /$c A. Mudjab Mahali =260 ##$$a Jakarta :$b Pustaka Al-Husna,$c 1994 =300 ##$$a xii, 461 hlm ; $c 22 x 14 cm. =650 #4$$a Iman-Islam =850 ##$$a NBPNMAT =084 ##$$a 2x3.131 MAH k =990 ##$$a DW00025720 =990 ##$$a DW00025710